000 00965nam a2200301 c 4500
999 _c343869
_d343869
003 BLK
005 20191001163951.0
008 180911b bul|||||r ||||||| ||bul||
010 _a003530
040 _aBLK
041 _aDEU
_cDEU
080 _aГьоте, Йохан92 Шилер, Фридрих
_x92
_z830.09830(092)92
100 _aStein, K. Heinrich von
_eпърви автор
_9397819
245 0 0 _aGoethe und Schiller
_bBeitrage zur Asthetik der detschen Klassiker
_cK. Heinrich von Stein
260 _aLeipzig
_bPhilipp Reclam
_cs.a
300 _a127, 13 с
_c14 см
380 _a82
490 _aUniv.-Bibl
490 _aЧастна колекция - Академик Михаил Арнаудов
_gДарение - Основен фонд
600 _aMiniatur-Ausg.
_9397827
650 _aБиографии
_9148657
650 _aПисатели
_9166332
655 _aЛитературознание
_9396446
852 _aМА 825
_bМА
942 _cKNG
_n0
_s1
944 _aCR
_c1996
_kValK
999 _d343869